Family : (Record no. 17319)

000 -LEADER
fixed length control field 00727nam a2200217 a 4500
001 - CONTROL NUMBER
control field :::00021202$&:&@@
003 - CONTROL NUMBER IDENTIFIER
control field OkBaRHE
005 - DATE AND TIME OF LATEST TRANSACTION
control field 20071109162034.0
008 - FIXED-LENGTH DATA ELEMENTS--GENERAL INFORMATION
fixed length control field s2000 j 000 0 eng u
020 ## - INTERNATIONAL STANDARD BOOK NUMBER
International Standard Book Number 0882433423
040 ## - CATALOGING SOURCE
Transcribing agency
100 1# - MAIN ENTRY--PERSONAL NAME
Personal name Donaldson, Hal
245 10 - TITLE STATEMENT
Title Family :
Remainder of title how to have a healthy Christian home
Statement of responsibility, etc Addittional Editors Ken Horn, Ann Floyd & Joel Kilpatrick
250 ## - EDITION STATEMENT
Edition statement 2nd Printing
260 ## - PUBLICATION, DISTRIBUTION, ETC. (IMPRINT)
Place of publication, distribution, etc Springfield,MO
Name of publisher, distributor, etc Gospel Publishing House
Date of publication, distribution, etc 2000
300 ## - PHYSICAL DESCRIPTION
Extent 119p ;
Dimensions 22cm
490 0# - SERIES STATEMENT
Series statement Pentecostal Evangels Books
650 ## - SUBJECT ADDED ENTRY--TOPICAL TERM
Topical term or geographic name as entry element Family-Religous aspects-Christianity
942 ## - ADDED ENTRY ELEMENTS (KOHA)
Source of classification or shelving scheme
Koha item type Books
Copies
Source of classification or shelving scheme Copy number Permanent Location Shelving location Full call number Withdrawn status Date acquired Date last seen Lost status Koha item type Price effective from Not for loan Damaged status Barcode
 1RHEMA Bible Training CollegeGeneral StacksHQ 769 .D6 2010-04-142010-04-14 Books2010-04-14  21202